Statistiques concernant Les transferts les plus chers du football [MAJ]

Cliquez ici pour prendre le quiz!

Statistiques générales

  • Ce quiz a été pris 3 220 fois
  • Le résultat moyen est 15 sur 20

Statistiques - réponses

DeAJoueurMontant% Correct
1FC BarceloneParis SGNeymar222 M€
100%
2AS MonacoParis SGKylian M'bappe135 M€
99%
5Real MadridJuventus TurinCristiano Ronaldo117 M€
93%
10SantosFC BarceloneNeymar88,2 M€
90%
6Juventus TurinManchester UnitedPaul Pogba105 M€
90%
3LiverpoolFC BarcelonePhilippe Coutinho135 M€
89%
4Borussia DortmundFC BarceloneOusmane Dembelé120 M€
88%
7TottenhamReal MadridGareth Bale101 M€
85%
8Manchester UnitedReal MadridCristiano Ronaldo94 M€
81%
16WolfsburgManchester CityKevin de Bruyne76 M€
73%
17Ajax AmsterdamFC BarceloneFrenkie de Jong75 M€
70%
14SouthamptonLiverpoolVirgil Van Dijk78,8 M€
67%
20AS MonacoAtletico MadridThomas Lemar70 M€
64%
9NaplesJuventus TurinGonzalo Higuain90 M€
63%
12LiverpoolFC BarceloneLuis Suarez81,7 M€
58%
13Athletic BilbaoChelseaKepa80 M€
55%
15Juventus TurinReal MadridZinedine Zidane77,5 M€
51%
11EvertonManchester UnitedRomelu Lukaku84,7 M€
49%
18AS MonacoReal MadridJames Rodriguez75 M€
48%
19Real MadridManchester UnitedAngel Di Maria75 M€
39%

Distribution des résultats

Percentile par nombre de réponses

% des personnes avec chaque résultat

Votre développement - résultats

Vous n’avez pas pris ce quiz